Statistics for Click the Songs about Vehicles

Click here to take the quiz!

General Stats

  • This quiz has been taken 133 times
  • The average score is 11 of 22

Answer Stats

HintAnswer% Correct
The BeatlesYellow Submarine
94%
Elton JohnRocket Man
91%
Tracy ChapmanFast Car
72%
PrinceLittle Red Corvette
69%
QueenBicycle Race
65%
Joni MitchellBig Yellow Taxi
57%
Snow PatrolChasing Cars
56%
The MonkeesLast Train To Clarksville
54%
Ozzy OsbourneCrazy Train
52%
The Beach BoysLittle Deuce Coupe
49%
Gary NumanCars
47%
Rod StewartSailing
40%
The WhoMagic Bus
36%
Janis JoplinMercedes Benz
36%
Bruce Springsteen / Natalie ColePink Cadillac
36%
Wilson PickettMustang Sally
35%
Isley-Jasper-Isley / The HousemartinsCaravan of Love
34%
Red Hot Chili PeppersAeroplane
33%
Paul McCartney & WingsJet
31%
MadnessDriving In My Car
30%
ChamillionaireRidin'
26%
Manic Street PreachersMotorcycle Emptiness
22%

Score Distribution

Percentile by Number Answered

Percent of People with Each Score

Your Score History

You have not taken this quiz